000 00288nam a2200121Ia 4500
008 241002s9999 xx 000 0 und d
082 _a306.3 ROB
100 _aRobert, Theobald
245 4 _aThe Rich and The Poor
260 _aNew York:
_c1961
600 _aSocial Sciences
942 _cUC
999 _c18945
_d18945